| 000 | 004010000a22001450004500 | ||
|---|---|---|---|
| 090 |
_aAR _b00687 |
||
| 245 | 1 | 0 | _aGradient analysis of vegetation |
| 650 | 1 | 4 |
_aMétodos de investigación _992859 |
| 650 | 1 | 4 |
_aEcología vegetal _9353 |
| 650 | 1 | 4 |
_aFitosociología _9149 |
| 041 | 0 | _aInglés | |
| 100 | 1 |
_aWhittaker, Robert H. _993742 |
|
| 942 | _cARTICULO | ||
| 773 | 1 |
_tBiol. Rev. _3266 _h42 _q207-264 _d1967 _g42 |
|
| 999 |
_c9778 _d9778 |
||